000 01619cam a22003374i 4500
001 16604699
003 EG-ScBUE
005 20260318094501.0
008 110106t2012 maua f b 001 0 eng d
020 _a9780763779825 (pbk.)
040 _aEG-ScBUE
_beng
_erda
_cEG-ScBUE
_dEG-ScBUE
082 0 4 _a579.17
_222
_bBUR
100 1 _aBurlage, Robert S.,
_932471
_eauthor.
245 1 0 _aPrinciples of public health microbiology /
_cRobert S. Burlage, Ph.D., professor, College of Health Sciences, School of Public Health, University of Wisconsin-Milwaukee, Milwaukee, Wisconsin.
264 1 _aSudbury, MA :
_bJones & Bartlett Learning,
_c[2012]
264 4 _cc2012
300 _axvi, 417 pages :
_billustrations ;
_c23 cm
336 _2rdacontent
_atext
_btxt
337 _aunmediated
_2rdamedia
_bn
338 _avolume
_bnc
_2rdacarrier
500 _aIncludes Appendices.
504 _aIncludes bibliographical references and index.
505 0 _aThe scope of public health microbiology -- The importance of water -- Water treatment -- Waterborne diseases -- Wastewater treatment -- Case studies on water and wastewater -- Food -- Meat production -- Dairy products -- Food preservation -- Vaccines -- Sexually transmitted diseases -- Airborne diseases -- Vectorborne and zoonotic diseases -- Biowarfare -- Surveillance, monitoring, communication.
650 7 _aMicrobial ecology.
_932472
_2BUEsh
650 7 _aPublic health.
_912351
_2BUEsh
650 7 _aEnvironmental Microbiology.
_932473
_2BUEsh
650 7 _aPublic Health.
_912351
_2BUEsh
653 _cFebruary2013
655 _vReading book
942 _2ddc
_cBB
999 _c17251
_d17223